000 01000nam a2200217Ia 4500
999 _c50925
_d50925
001 17880
003 GE_BSU
005 20200227113655.0
008 181216s1960ge xx |||||||||||||| ||geo||
040 _cGE_BSU
041 _ageo
080 _a821.353.1-1 შ-93
100 _aშუბლაძე, ვ.
_97550
245 _aდრო წავიდა-სიყვარული კი არა :
_bლექსები /
_c ვ. შუბლაძე ; გიორგი ლეონიძის წინასიტყვაობით ; რედ. ბ .მირცხულავა .
264 _aთბილისი :
_bსაბჭ. საქართველო,
_c1960.
300 _a87გვ. :
_b1ფ. პორტრ. ;
_c20 სმ.
653 _aდრო წავიდა-სიყვარული კი არა
653 _aლექსები
700 _aმირცხულავა, ბ
_eრედაქტორი
_97551
942 _cBK
_2udc